| 000 | 00661nam a22002177a 4500 | ||
|---|---|---|---|
| 003 | BD-DhJNU | ||
| 005 | 20250227061137.0 | ||
| 008 | 250227b |||||||| |||| 00| 0 eng d | ||
| 020 | _a9788129329706 | ||
| 040 |
_aBD-DhJNU _bENG _cBD-DhJNU _dBD-DhJNU |
||
| 082 |
_223 _a174.4 VEB |
||
| 100 | _aVelasquez, Manuel G. | ||
| 245 |
_aBusiness ethics : concepts and cases / _c Manuel G. Velasquez |
||
| 250 | _a6th ed. | ||
| 260 |
_aNew Delhi : _bPrentice, _c2007. |
||
| 300 |
_ax, 438p. : _bill. ; _c24 cm. |
||
| 504 | _aIncludes bibliographical references and index | ||
| 650 | _aBusiness ethics Case studies | ||
| 650 | _aBusiness ethics | ||
| 942 |
_2ddc _cBK _n0 |
||
| 999 |
_c1405 _d1405 |
||